000 00715nam a2200241Ia 4500
003 OSt
005 20220930070142.0
006 a|||||r|||| 00| 0
007 ta
008 220926b |||||||| |||| 00| 0 eng d
024 _a6612
037 _cTheses
040 _aCRL
_cCRL
_beng
041 _2eng
_aeng
100 _aShashi Shobha
_9390457
110 _aUniversity of Delhi. Faculty of Social Sciences. Department of Sociology
245 0 _aInteraction patterns in a new residential area of new Delhi
260 _c1984
650 _aSOCIOLOGY
700 _aUniversity of Delhi. Faculty of Social Sciences. Department of Sociology
942 _cDIS
_2CC
999 _c860533
_d860533